Statistics for Countries that have French as a Official Language

Click here to take the quiz!

General Stats

  • This quiz has been taken 52 times
  • The average score is 20 of 25

Answer Stats

ContinentCountry% Correct
EuropeFrance
98%
North AmericaCanada
96%
EuropeBelgium
93%
EuropeMonaco
93%
EuropeSwitzerland
93%
AfricaDemocratic Republic of the Congo
87%
EuropeLuxembourg
87%
North AmericaHaiti
83%
AfricaMali
83%
AfricaSenegal
83%
AfricaTogo
83%
AfricaCameroon
80%
AfricaChad
80%
AfricaIvory Coast
80%
AfricaBenin
78%
AfricaGabon
78%
AfricaGuinea
78%
AfricaNiger
76%
AfricaBurkina Faso
74%
AfricaCentral African Republic
72%
AfricaRwanda
72%
AfricaBurundi
67%
AfricaMadagascar
63%
AfricaDjibouti
59%
AfricaEquatorial Guinea
52%

Score Distribution

Percentile by Number Answered

Percent of People with Each Score

Your Score History

You have not taken this quiz